=LDR 00000nam 2200000 4500 =001 INLIS000000000038017 =005 20210628084758 =035 ##$$a 0010-061300000038017 =008 210628################g##########0#ind## =041 ##$$a ind =082 ##$$a 306 =090 ##$$a 306, Fel j =100 1#$$a Feldman, David =245 1#$$a Jarum jam bergerak ke kanan ? : $b Dan mengapa-mengapa lainnya /$c David Feldman; alih bahasa, Alex Tri Kantjono =260 ##$$a Jakarta :$b Gramedia Pustaka Utama,$c 2006 =300 ##$$a 216 hlm, : $b ilus. ; $c 23 X 15 cm. =650 #4$$a Pengetahuan =850 ##$$a NBPNMAT =020 ##$$a 979-22-2369-x =084 ##$$a 306 FEL j =504 ##$$a hlm.217 =250 ##$$a Diterbitkan pertama kali =500 ##$$a Judul asli : Why do clocks ru clockwise and other imponderablesTM =700 #$$a Alex Tri Kantjono =990 ##$$a 21106497 =990 ##$$a 21106499 =990 ##$$a 20902108 =990 ##$$a 20902105 =990 ##$$a 20902106 =990 ##$$a 20902107